000 00667nam a2200277Ia 4500
005 20260324135936.0
008 008 260324s9999 xx 000 0 eng d
020 _a9780203749647
037 _aEBOOK
040 _aCRL
040 _beng
040 _cCRL
041 _2eng
041 _aeng
084 _qCRL
100 _aHowerde E. Sauberlich
_91202515
245 0 _aLaboratory Tests for the Assessment of Nutritional Status
260 _bTaylor and Francis
260 _c1999
365 _a
365 _b385
856 _uhttp://www.taylorfrancis.com/books/9780203749647
942 _cEBOOK
999 _c1804078
_d1804078